000 00726cam a22002651 4500
001 29505
003 BD-RjUL
005 20211209051424.0
008 140403s1962 nyua 001 0 eng
035 _a(BD-RjUL)29590
035 _a(OCoLC)1115994
040 _aDLC
_cOOxM
_dBD-RjUL
_beng
041 _aeng
082 0 0 _a150
_bSEE 1962
100 1 _aSells, S. B.
_q(Saul B.),
_d1913-1988.
_989925
245 1 0 _aEssentials of psychology /
_cS. B. Sells.
260 _aNew York :
_bRonald Press Co.,
_cc1962.
300 _axvi, 513 p. :
_bill. ;
_c24 cm.
490 0 _aA Psychology series
504 _aIncludes index.
650 0 _aPsychology.
_989926
942 _2ddc
_cBK
999 _c29505
_d29505